Úloha interného auditu v období finančnej krízy dizertačná práca
Guardado en:
| Autor principal: | |
|---|---|
| Autor Corporativo: | |
| Otros Autores: | |
| Formato: | Libro |
| Lenguaje: | eslovaco |
| Publicado: |
Bratislava
2018
|
| Materias: | |
| Etiquetas: |
Sin Etiquetas, Sea el primero en etiquetar este registro!
|
MARC
| LEADER | 00000nbm a2200000 4500 | ||
|---|---|---|---|
| 001 | 0242450 | ||
| 005 | 20230302103608.4 | ||
| 041 | 0 | |a slo | |
| 044 | |a SK | ||
| 245 | 1 | 0 | |a Úloha interného auditu v období finančnej krízy |b dizertačná práca |c Martina Muchová ; školiteľ: Mária Klimiková |
| 264 | 1 | |a Bratislava |c 2018 | |
| 300 | |a 138 s. | ||
| 610 | 2 | 0 | |a audit interný |
| 610 | 2 | 0 | |a kríza finančná |
| 610 | 2 | 0 | |a banky |
| 610 | 2 | 0 | |a inštitúcie finančné |
| 610 | 2 | 0 | |a regulácia |
| 610 | 2 | 0 | |a dohľad bankový |
| 610 | 2 | 0 | |a únie bankové |
| 100 | 1 | |a Muchová, Martina, 1973- | |
| 700 | 1 | |a Klimiková, Mária | |
| 710 | 2 | |a Národohospodárska fakulta EU. Katedra bankovníctva a medzinárodných financií | |